Statistics for Films Set in Australia by State or Territory

Click here to take the quiz!

General Stats

  • This quiz has been taken 16 times
  • The average score is 13 of 20

Answer Stats

FilmRelease YearState/Territory% Correct
Finding Nemo2003New South Wales
100%
Lion2016Tasmania
81%
Jindabyne2006New South Wales
75%
Crocodile Dundee1986Northern Territory
75%
Animal Kingdom2010Victoria
75%
The Babadook2014South Australia
69%
Wolf Creek2005Western Australia
69%
Red Dog2011Western Australia
69%
Two Hands1999New South Wales
63%
Australia2008Northern Territory
63%
Ned Kelly2003Victoria
63%
Adoration (Adore)2013New South Wales
56%
The Pack2015Queensland
56%
The Hunter2011Tasmania
56%
The Tree2010Queensland
50%
100 Bloody Acres2012South Australia
50%
The Nightingale2018Tasmania
50%
Strange Bedfellows2004Victoria
50%
Goldstone2016Queensland
44%
Rams2020Western Australia
44%

Score Distribution

Percentile by Number Answered

Percent of People with Each Score

Your Score History

You have not taken this quiz